Normal view
MARC view
Entry Personal Name
001 - CONTROL NUMBER
- control field: 10774
003 - CONTROL NUMBER IDENTIFIER
- control field: BD-RjUL
005 - DATE AND TIME OF LATEST TRANSACTION
- control field: 20231228141754.0
008 - FIXED-LENGTH DATA ELEMENTS
- fixed length control field: 231228|| aca||aabn | a|a d
040 ## - CATALOGING SOURCE
- Original cataloging agency: BD-RjUL
- Transcribing agency: BD-RjUL
100 ## - HEADING--PERSONAL NAME
- Personal name: العقاد، عباس محمود،Al-Akkad, Abbas Mahmoud,
- Dates associated with a name: 1889-1964
670 ## - SOURCE DATA FOUND
- Source citation: Work cat.: (BD-RjUL)82571: العقاد، عباس محمود،Al-Akkad, Abbas Mahmoud, 1889-1964, الصديقة بنت الصديق.alsadiqat bint alsidiyq./, 1949